| 000 | 00831nam a2200241 i 4500 | ||
|---|---|---|---|
| 001 | 184134 | ||
| 003 | ES-MaACL | ||
| 005 | 20250808040858.0 | ||
| 008 | 150324s1987 sp ||||1| spa d | ||
| 020 | _a84-206-7998-4 | ||
| 080 | _a92:235.3 | ||
| 100 | 1 |
_aJacobo de Vorágine _cBeato. _965844 |
|
| 245 | 1 | 3 |
_aLa Leyenda dorada / _cSantiago de la Vorágine ; traducción del latín, José Manuel Macías. |
| 250 | _a[1ª ed., 2ª reimp. en Alianza Forma]. | ||
| 260 |
_aMadrid : _bAlianza, _c1987. |
||
| 300 |
_a2 v. (989 p.) : _bil. ; _c23 cm. |
||
| 490 | 1 |
_aAlianza forma ; _v29, 30 |
|
| 650 | 4 |
_aSantos- _xBiografías _916988 |
|
| 700 | 1 |
_aMacías, José Manuel. _975211 |
|
| 830 | 0 | 0 |
_aAlianza forma _v29, 30 _9177869 |
| 852 |
_aES-MaACL _jL-30092-93 _z.- Donat. Miguel A. Velasco |
||
| 999 |
_c184134 _d184134 |
||